procurement procedure manual for public procurement in \nigeria (Record no. 3728)

MARC details
000 -LEADER
fixed length control field 00403nam a22001457a 4500
008 - FIXED-LENGTH DATA ELEMENTS--GENERAL INFORMATION
fixed length control field 250602b |||||||| |||| 00| 0 eng d
020 ## - INTERNATIONAL STANDARD BOOK NUMBER
ISBN 9789784933445
245 ## - TITLE STATEMENT
Title procurement procedure manual for public procurement in \nigeria
250 ## - EDITION STATEMENT
Edition statement 2nd
260 ## - PUBLICATION, DISTRIBUTION, ETC. (IMPRINT)
Place of publication Abuja
Name of publisher Bureau of Public Procurement
Date of publication 2011
300 ## - COLLATION
Pagination 114p
650 ## - TRACINGS
Main Subject Government Purchasing
942 ## - ADDED ENTRY ELEMENTS (KOHA)
Item type Books
050 ## - LIBRARY OF CONGRESS CALL NUMBER
Classification number JF1525
Item number . P85

No items available.